| 000 | 00774nam a22002657a 4500 | ||
|---|---|---|---|
| 001 | BR2014005655 | ||
| 003 | BR-BrBNA | ||
| 005 | 20230928104503.0 | ||
| 007 | ta | ||
| 008 | 230509b bl.||||| |||| 00| 0 por d | ||
| 040 |
_aBR-BrBNA _bpor _cBiblioteca Nacional de Agricultura |
||
| 041 | _a(Por) | ||
| 072 | _aE20 | ||
| 090 | _ E20 BR2014005655 | ||
| 110 | 1 |
_aMinistério da Agricultura e do Abastecimento, Brasília, DF (Brasil) _96726 |
|
| 245 | 1 |
_a1998: caso para estudo Pescanorte ltda _bRelatório da Gestão |
|
| 260 | 3 |
_aBrasília, DF (Brasil): _c1998. |
|
| 300 | _a22 p. | ||
| 500 | _aGlossary p. 22; 36 illus | ||
| 650 | _aPLANEJAMENTO ESTRATÉGICO | ||
| 650 | _aGESTÃO | ||
| 650 | _aLIDERANÇA | ||
| 909 |
_a202309 _bLucia _c55 _dLucia Elande |
||
| 942 | _cBK | ||
| 999 |
_c80193 _d80193 |
||